000 00293cam a22001097a 4500
008 180718b1974 xxu||||| |||| 00| 0 eng d
082 _aT000x54 In2/69
245 _aFourth five year plan, India, 1969-74
260 _aNew Delhi
_b
_c1974
300 _a357p.
650 _aGujarat -- Economic policy
999 _c494354
_d494354